000
00285nam a2200109Ia 4500
008
220204s9999 xx 000 0 und d
082
_a
077.02
_b
EIS
100
_a
Eisenstaedt, A
245
0
_a
Eisenstaedt's guide to photography
260
_a
London
_b
Thames and Hudson
_c
1978
942
_c
BK
999
_c
31320
_d
31320